| 000 | 01123nam a2200277 i 4500 | ||
|---|---|---|---|
| 001 | 20060 | ||
| 003 | ES-MaACL | ||
| 005 | 20250801063021.0 | ||
| 007 | t| | ||
| 008 | 021122s20002001sw ||||1| swe d | ||
| 020 | _a91-88366-53-7 | ||
| 080 | _a930.255(485):94(460) | ||
| 100 | 1 |
_aMörner, Magnus, _d1924-2012 _9179484 |
|
| 245 | 1 | 0 |
_aSpanien i svenska arkiv _b: arkivguide / _cutarbetad av Magnus & Aare R. Mörner ; [översèattning : Martin Lexell och Christina Cerezo Silva] = España en los archivos de Suecia : guía de archivos / preparada por Magnus & Aare R. Mörner. |
| 246 | 3 | 1 | _aEspaña en los archivos de Suecia |
| 260 |
_a[Stockholm] : _bRiksarkivet, _c[2000] ( _gimp. 2001) |
||
| 300 |
_a104 p. ; _c25 cm. |
||
| 490 | 1 |
_aSkrifter utgivna av Riksarkivet ; _v16 |
|
| 546 | _aTexto en sueco y español. | ||
| 651 | 4 |
_aEspaña- _xHistoria- _xRecursos archivísticos- _zSuecia. _98350 |
|
| 700 | 1 |
_aMörner, Aare R. _983611 |
|
| 700 | 0 |
_aCerezo Silva, Cristina. _937512 |
|
| 830 | 0 |
_aSkrifter utgivna av Riksarkivet ; _v16 _9228901 |
|
| 852 |
_aES-MaACL _jL-26168 |
||
| 999 |
_c20060 _d20060 |
||